Mujer de carne y verso = A woman of flesh and verse / (Registro nro. 14558)

Detalles MARC
000 -LEADER
fixed length control field 01261nam a2200373 a 4500
001 - CONTROL NUMBER
control field 000046153
003 - CONTROL NUMBER IDENTIFIER
control field DO-SdBNP
005 - DATE AND TIME OF LATEST TRANSACTION
control field 20240207121609.0
007 - PHYSICAL DESCRIPTION FIXED FIELD--GENERAL INFORMATION
fixed length control field ta
008 - FIXED-LENGTH DATA ELEMENTS--GENERAL INFORMATION
fixed length control field 150629s2011 dr 000 0 spa d
020 ## - INTERNATIONAL STANDARD BOOK NUMBER
International Standard Book Number 9789945466225
040 ## - CATALOGING SOURCE
Original cataloging agency DO-SdBNP
Language of cataloging spa
Transcribing agency BPMSU
041 17 - LANGUAGE CODE
Language code of text/sound track or separate title spa
Source of code eng
082 #4 - DEWEY DECIMAL CLASSIFICATION NUMBER
Classification number RD861.5
Item number S684m 2011
Edition number 22
100 1# - MAIN ENTRY--PERSONAL NAME
Personal name Solano, Vielka,
Dates associated with a name 1960-
245 10 - TITLE STATEMENT
Title Mujer de carne y verso = A woman of flesh and verse /
Statement of responsibility, etc. Vielka Solano ; editor Tomás Castro Burdiez; traducción Joni Radcliff.
246 10 - VARYING FORM OF TITLE
Title proper/short title A woman of flesh and verse
250 ## - EDITION STATEMENT
Edition statement 2ª ed.
260 ## - PUBLICATION, DISTRIBUTION, ETC. (IMPRINT)
Place of publication, distribution, etc. Santo Domingo :
Name of publisher, distributor, etc. Educarte,
Date of publication, distribution, etc. 2011.
300 ## - PHYSICAL DESCRIPTION
Extent 111,111 p. ;
Dimensions 21 cm.
500 ## - GENERAL NOTE
General note Incluye datos biográficos de la autora en la solapas de las cubiertas.
500 ## - GENERAL NOTE
General note Texto en ingles y español
546 ## - LANGUAGE NOTE
Language note Texto en inglés y español.
563 ## - BINDING INFORMATION
Binding note Dos obras encuadernadas juntas con paginación invertida
590 ## - LOCAL NOTE (RLIN)
Local note Inventariado, 2024/VM
650 #4 - SUBJECT ADDED ENTRY--TOPICAL TERM
Topical term or geographic name as entry element Poesía dominicana
650 #4 - SUBJECT ADDED ENTRY--TOPICAL TERM
Topical term or geographic name as entry element Deseo
Form subdivision Poesías
650 #4 - SUBJECT ADDED ENTRY--TOPICAL TERM
Topical term or geographic name as entry element Mujeres
Form subdivision Poesías
650 #4 - SUBJECT ADDED ENTRY--TOPICAL TERM
Topical term or geographic name as entry element Literatura dominicana
700 1# - ADDED ENTRY--PERSONAL NAME
Personal name Radcliff, Joni,
Relator term traducción
700 1# - ADDED ENTRY--PERSONAL NAME
Personal name Castro Burdiez, Tomás,
Relator term edición
Dates associated with a name 1959-
910 ## - USER-OPTION DATA (OCLC)
User-option data VMateo V. Control de calidad. BPMSU
942 ## - ADDED ENTRY ELEMENTS (KOHA)
Source of classification or shelving scheme Dewey Decimal Classification
Koha item type Libros
Existencias
Withdrawn status Lost status Source of classification or shelving scheme Damaged status Not for loan Collection code Home library Current library Date acquired Total Checkouts Full call number Barcode Date last seen Price effective from Koha item type Copy number
    Dewey Decimal Classification     Colección Dominicana Biblioteca Pública Metropolitana Salomé Ureña Biblioteca Pública Metropolitana Salomé Ureña 02/07/2024   BPMSU CD RD861.5 S684m 2011 BPMSU24020013 02/07/2024 02/07/2024 Libros  
    Dewey Decimal Classification     Colección Dominicana Biblioteca Pública Metropolitana Salomé Ureña Biblioteca Pública Metropolitana Salomé Ureña 02/07/2024   BPMSU CD RD861.5 S684m 2011 BPMSU24020014 02/07/2024 02/07/2024 Libros e.2
    Dewey Decimal Classification     Colección Dominicana Biblioteca Pública Metropolitana Salomé Ureña Biblioteca Pública Metropolitana Salomé Ureña 02/07/2024   BPMSU CD RD861.5 S684m 2011 BPMSU26020023 02/03/2026 02/07/2024 Libros e.3